000 00487cam a2200205ua 4500
020 _c6.50
041 _aeng
_h
082 _a540
_bSMI/TE
100 _aSmirnov, A D .
245 _aText book of chemistry /
_cA D Smirnov.
_hTextual Documents
250 _a1 /
_b.
260 _aDelhi :
_bRajkamal Prakashan ,
_c1963.
300 _a452 ; .
365 _a6.50
504 _a
700 1 _aShelinsky, G I .
942 _cBK
999 _c10956
_d10956